Filmographie Zendaya - Statistiques

Statistiques générales
  • Ce quiz a été pris 130 fois
  • Le résultat moyen est 7 sur 17
Statistiques - réponses
Année (s) Réponse % Correct
2021 Dune
90%
2024 Dune 2
90%
2021 Spider-Man: No Way Home
83%
2019 Spider-Man: Far From Home
79%
2019-... Euphoria
76%
2011-2013 Shake It Up
67%
2024 Challengers
56%
2017 Spider-Man: Homecoming
55%
2015-2018 Agent K.C.
53%
2017 The Greatest Showman
44%
2021 Malcolm & Marie
28%
2012 Section Genius
8%
2015 Black-ish
4%
2019 The OA
4%
2011 Bonne chance Charlie
3%
2021 Space Jam : Nouvelle ère
3%
2013 Les Copains super-héros
1%
Aucun quiz correspondant
Distribution des résultats
% des personnes avec chaque résultat
Percentile par nombre de réponses
Votre historique - résultats
Vous n’avez pas pris ce quiz